000 00360 a2200169 4500
001 184868
020 _a85-15-00004-0
040 _cMagnum
100 _aAlves, Rubem
240 1 0 _aEstórias de bichos
_lpor
245 1 0 _aEstórias de bichos
300 _a38
362 0 _a1999
440 1 _aLoyola
697 _aLITERATURA INFANTO-JUVENIL
942 _cBK
999 _c184868
_d184868